| Tag |
First Indicator |
Second Indicator |
Subfields |
| LEADER |
00000cam a2200000 4500 |
| 001 |
in00000066566 |
| 005 |
20151007083627.0 |
| 008 |
720816s1915 mau b 00000 eng u |
| 010 |
|
|
|a 15026556
|
| 035 |
|
|
|a (OCoLC)00382937
|
| 035 |
|
|
|9 AAF9644AM
|
| 040 |
|
|
|c KSU
|d OCL
|d TXA
|d UtOrBLW
|
| 049 |
|
|
|a TXAM
|c [14348]
|
| 050 |
|
0 |
|a HC255
|b .S53 1915
|
| 092 |
|
|
|a 330.942
|b S631m
|
| 100 |
1 |
|
|a Slater, Gilbert,
|d 1864-1938.
|
| 245 |
1 |
4 |
|a The making of modern England.
|
| 250 |
|
|
|a New rev. ed.,
|b by Gilbert Slater ... with a prefatory note by James T. Shotwell ...
|
| 264 |
|
1 |
|a Boston,
|a New York [etc.] :
|b Houghton Mifflin company,
|c [1915]
|
| 300 |
|
|
|a 1 page ., [v]-xli, 297, xli, 305-308 pages :
|b folded diagrams ;
|c 21 cm.
|
| 336 |
|
|
|a text
|b txt
|2 rdacontent
|
| 337 |
|
|
|a unmediated
|b n
|2 rdamedia
|
| 338 |
|
|
|a volume
|b nc
|2 rdacarrier
|
| 500 |
|
|
|a Subsequently published under title: The growth of modern England.
|
| 504 |
|
|
|a Bibliography: pages [xix]-xli at end.
|
| 650 |
|
0 |
|a Labor
|z Great Britain.
|
| 651 |
|
0 |
|a Great Britain
|x Economic conditions.
|
| 651 |
|
0 |
|a Great Britain
|x Economic policy.
|
| 651 |
|
0 |
|a Great Britain
|x History.
|
| 650 |
|
0 |
|a Industries
|z Great Britain
|x History.
|
| 999 |
|
|
|a MARS
|
| 999 |
f |
f |
|s 9e0b00e0-4690-3ab3-b767-35facbf4bc4f
|i 4ebb85bc-25dd-3aca-81e0-51bbe769b5f4
|t 0
|
| 952 |
f |
f |
|p ric
|a Texas A&M University
|b Rellis Campus
|c Joint Library Facility
|d Remote Storage
|t 0
|e HC255 .S53 1915
|h Library of Congress classification
|i unmediated -- volume
|m A14800701881
|
| 998 |
f |
f |
|a HC255 .S53 1915
|t 0
|l Remote Storage
|